| 000 -LEADER |
| fixed length control field |
00680nam a22001937a 4500 |
| 005 - DATE AND TIME OF LATEST TRANSACTION |
| control field |
20221012150817.0 |
| 008 - FIXED-LENGTH DATA ELEMENTS--GENERAL INFORMATION |
| fixed length control field |
221012s2019ge xxu||||| |||| 00| 0 ger d |
| 020 ## - INTERNATIONAL STANDARD BOOK NUMBER |
| International Standard Book Number |
9783126071604 |
| 080 ## - UNIVERSAL DECIMAL CLASSIFICATION NUMBER |
| Universal Decimal Classification number |
811.112.2'373 P-64 |
| 100 ## - MAIN ENTRY--PERSONAL NAME |
| Personal name |
Pilaski, Anna. |
| 9 (RLIN) |
15287 |
| 245 ## - TITLE STATEMENT |
| Title |
Netzwerk neu : |
| Remainder of title |
A1. Lehrerhandbuch / |
| Statement of responsibility, etc. |
Anna Pilaski, Katja Wirth. |
| 264 ## - PRODUCTION, PUBLICATION, DISTRIBUTION, MANUFACTURE, AND COPYRIGHT NOTICE |
| Place of production, publication, distribution, manufacture |
Stuttgart: |
| Name of producer, publisher, distributor, manufacturer |
Ernst Klett Sprachen, |
| Date of production, publication, distribution, manufacture, or copyright notice |
2019. |
| 300 ## - PHYSICAL DESCRIPTION |
| Extent |
136 p.: |
| Other physical details |
29 cm. |
| Dimensions |
4 Audio-CDs, + 1 Video-DVD |
| 440 ## - SERIES STATEMENT/ADDED ENTRY--TITLE |
| Title |
Deutsch als Fremdsprache |
| 9 (RLIN) |
15297 |
| 653 ## - INDEX TERM--UNCONTROLLED |
| keyword |
Netzwerk neu : A1. Lehrerhandbuch |
| 653 ## - INDEX TERM--UNCONTROLLED |
| keyword |
გერმანული ლექსიკა |
| 700 ## - ADDED ENTRY--PERSONAL NAME |
| Personal name |
Wirth, Katja. |
| Relator term |
Author |
| 9 (RLIN) |
15288 |
| 942 ## - ADDED ENTRY ELEMENTS (KOHA) |
| Source of classification or shelving scheme |
|
| Koha item type |
წიგნი |